| 000 | 00962nam a22002537a 4500 | ||
|---|---|---|---|
| 005 | 20251030102030.0 | ||
| 008 | 251021b |||||||| |||| 00| 0 eng d | ||
| 020 | _a9786214093137 | ||
| 082 | _aDFil 303.483 Ab13 2025 | ||
| 100 |
_aAbad, Micah D. _968935 |
||
| 245 |
_aScience, technology, and society / _cMicah D. Abad and [seven others]. |
||
| 260 |
_aQuezon City : _bBooks ATBP Publishing Corp, _c©2025. |
||
| 300 |
_ax, 210 pages : _billustrations ; _c27 cm. |
||
| 500 | _aIncludes references. | ||
| 650 | 0 |
_aScience _xSocial aspects. Science. _969056 |
|
| 700 |
_aArpia, Christine C. _968936 _eauthor. |
||
| 700 |
_aGonzales, Flordeliza U. _968937 _eauthor. |
||
| 700 |
_aGuinhin, Christopher Kevin M. _968938 _eauthor. |
||
| 700 |
_aIlagan, Sheila Marie B. _968939 _eauthor. |
||
| 700 |
_aLorilla, Adela C. Avena. _968940 _eauthor. |
||
| 700 |
_aMarquez, Ramil M. _968941 _eauthor. |
||
| 700 |
_aRamirez, Mary Rose B. _968942 _eauthor. |
||
| 942 |
_2ddc _cDFIL |
||
| 999 |
_c24087 _d24087 |
||